| 000 | 00723nam a2200217Ii 4500 | ||
|---|---|---|---|
| 003 | JO-AjNU | ||
| 008 | 230605s9999||||xx |||||||||||||| ||und|| | ||
| 017 | _a2006/11/2768 | ||
| 040 |
_aJO-AjNU _bara _erda _cJO-AjNU |
||
| 041 | _aara | ||
| 050 | 1 | 4 | _aPN81.N3 2007 |
| 100 | 3 |
_aعبد الرحمن،نصرت, _eauthor _923620 |
|
| 245 | 0 | 0 | _aفي النقد الحديث: دراسة في مذاهب نقدية حديثة وأصولها الفكرية |
| 250 | _aط1 | ||
| 264 | 3 | 1 | _aعمان: دار جهينة، 2007 |
| 300 | _a223ص | ||
| 336 |
_atext _btxt _2rdacontent |
||
| 337 |
_aunmediated _bn _2rdamedia |
||
| 338 |
_avolume _bnc _2rdacarrier |
||
| 650 | 4 |
_aالأدب العربي - تحليل ونقد _923621 |
|
| 999 |
_aA8571 _c12139 _d12139 |
||